[Event "54th Ilmar Raud Memorial"]
[Site "Viljandi"]
[Date "2020.07.06"]
[Round "1.1"]
[White "Meshkovs, Nikita"]
[Black "Krivenko, Dion"]
[Result "1-0"]
[WhiteElo "2582"]
[BlackElo "2046"]
[PlyCount "47"]
[EventDate "2020.??.??"]

1. d4 {[%emt 0:00:05]} Nf6 {[%emt 0:00:11]} 2. Nf3 {[%emt 0:00:09]} g6 {
[%emt 0:00:11]} 3. Nbd2 {[%emt 0:00:48]} d5 {[%emt 0:00:11]} 4. e3 {[%emt 0:00:
12]} Bg7 {[%emt 0:00:09]} 5. b4 {[%emt 0:00:44]} O-O {[%emt 0:00:17]} 6. Bb2 {
[%emt 0:00:38]} a5 {[%emt 0:03:31]} 7. b5 {[%emt 0:00:44]} c5 {[%emt 0:03:03]}
8. bxc6 {[%emt 0:03:18]} (8. c4 Nbd7) 8... Nxc6 {[%emt 0:01:53]} (8... bxc6) 9.
Be2 {[%emt 0:06:12]} a4 {[%emt 0:02:50]} 10. a3 {[%emt 0:01:33]} (10. c4 a3 11.
Bc3 dxc4) 10... Bf5 {[%emt 0:09:36]} 11. O-O {[%emt 0:02:48]} Qb6 {[%emt 0:02:
39]} (11... Na5 12. c4 dxc4 13. Nxc4 Nb3) 12. Rb1 {[%emt 0:01:28]} Rfc8 {
[%emt 0:02:00]} 13. Nh4 {[%emt 0:00:26]} Na5 {[%emt 0:14:55]} (13... Bd7 14.
Ba1 Qa7 15. c4 Na5 16. c5 Rab8 17. Rb6 Bc6 18. Nhf3 Nd7 19. Rb1 b6) 14. Nxf5 {
[%emt 0:02:08]} gxf5 {[%emt 0:00:38]} 15. Bc3 {[%emt 0:08:46]} Qc7 {[%emt 0:09:
30]} 16. Bxa5 {[%emt 0:00:37]} Rxa5 {[%emt 0:05:57]} 17. c4 {[%emt 0:00:12]
[%csl Ra4,Rb7,Rf5]} e5 {[%emt 0:08:09]} 18. dxe5 {[%emt 0:10:26]} Ne4 {[%emt 0:
02:51]} 19. Nxe4 {[%emt 0:12:09]} (19. f4 Nc3 20. Qe1 Nxb1 21. Qxb1 Qc5) 19...
dxe4 {[%emt 0:01:56]} 20. Qe1 {[%emt 0:00:10]} Ra6 {[%emt 0:13:04]} 21. Rb5 {
[%emt 0:09:04]} Bxe5 {[%emt 0:04:40]} 22. g3 {[%emt 0:00:01][%csl Ra4,Yb5,Rb7,
Rc4,Yd5,Re2,Rf5,Rf7]} Qe7 {[%emt 0:09:00]} 23. Qd1 {[%emt 0:02:27][%cal Rd1d5]}
Rd8 {[%emt 0:00:36]} 24. Rxe5 {[%emt 0:00:14]} 1-0

[Event "54th Ilmar Raud Memorial"]
[Site "Viljandi"]
[Date "2020.07.06"]
[Round "1.2"]
[White "Tsõganova, Monika"]
[Black "Neiksans, Arturs"]
[Result "0-1"]
[WhiteElo "2029"]
[BlackElo "2557"]
[PlyCount "62"]
[EventDate "2020.??.??"]

1. d4 {[%emt 0:00:22]} f5 {[%emt 0:00:30]} 2. Nf3 {[%emt 0:01:09]} Nf6 {
[%emt 0:00:06]} 3. Nc3 {[%emt 0:00:53][%cal Rc1g5,Re2e4,Rg5f6]} e6 {[%emt 0:01:
06]} 4. Bg5 {[%emt 0:00:18]} Bb4 {[%emt 0:01:08]} 5. e3 {[%emt 0:00:22]} d6 {
[%emt 0:06:22]} 6. Bd3 {[%emt 0:01:14]} h6 {[%emt 0:01:57]} 7. Bxf6 {[%emt 0:
01:08]} Qxf6 {[%emt 0:00:40]} 8. Qe2 {[%emt 0:07:45]} (8. e4 fxe4 9. Bxe4 d5
10. Bd3 Nc6 {[%csl Ye5][%cal Re8g8,Rc8d7,Rg7g5,Ra8e8,Re8e7,Re7g7,Rb4d6]} 11.
O-O O-O 12. a3 Bd6 13. Nb5) 8... e5 {[%emt 0:03:59]} 9. dxe5 {[%emt 0:03:53]}
dxe5 {[%emt 0:00:12]} 10. Bc4 {[%emt 0:00:15]} Nd7 {[%emt 0:05:42]} 11. Bb3 {
[%emt 0:02:09]} (11. O-O c6 12. a4) 11... c6 {[%emt 0:05:12]} 12. Qc4 {[%emt 0:
02:31]} Be7 {[%emt 0:01:42]} 13. Qe6 {[%emt 0:12:08]} e4 {[%emt 0:10:09]} 14.
Nd4 {[%emt 0:07:52]} Nc5 {[%emt 0:00:15]} 15. Qxf6 {[%emt 0:03:21]} Bxf6 {
[%emt 0:00:05]} 16. Bc4 {[%emt 0:05:01]} b5 {[%emt 0:13:39]} (16... h5 {
[%cal Rh5h4,Rg7g6]} 17. h4 b5 18. Be2 Bd7 (18... b4 19. Nd1 Bd7 20. a3)) 17.
Be2 {[%emt 0:00:29]} b4 {[%emt 0:00:10]} (17... Bd7 18. Bh5+ Kd8 19. Bg6 Rf8
20. h4) 18. Bh5+ {[%emt 0:01:10]} Kf8 {[%emt 0:04:05]} 19. Nce2 {[%emt 0:00:14]
} Na4 {[%emt 0:12:27]} 20. Nf4 {[%emt 0:07:40]} (20. a3 b3 21. cxb3 Nxb2 22.
O-O) 20... c5 {[%emt 0:01:01]} 21. Ng6+ {[%emt 0:05:52]} Kg8 {[%emt 0:01:28]}
22. Nc6 {[%emt 0:04:06]} Kh7 $1 {[%emt 0:04:23]} (22... Bxb2 23. Rd1 (23. Nge7+
Kh7 (23... Kf8 24. Ng6+) 24. Bg6#) 23... Bc3+ 24. Kf1 Ba6+ 25. Kg1) 23. Nxh8 {
[%emt 0:02:40]} Kxh8 {[%emt 0:04:51]} 24. O-O {[%emt 0:10:04]} Bd7 {[%emt 0:05:
31]} 25. Na5 {[%emt 0:01:55]} Bxb2 {[%emt 0:00:15]} 26. Rad1 {[%emt 0:00:26]}
Bb5 {[%emt 0:01:12]} 27. Bg6 {[%emt 0:00:17]} Bf6 {[%emt 0:06:50]} 28. Bxf5 {
[%emt 0:02:26]} Nc3 {[%emt 0:00:26]} 29. Nb3 {[%emt 0:00:56]} (29. Rfe1 Nxd1
30. Rxd1 Rd8 31. Rxd8+ Bxd8 32. Nb7 Be7 33. Bxe4 Bc4 34. Na5 Bxa2 35. Nc6 Bf8
36. Nxa7 Bb1 37. Nb5 c4 38. f3 g5 39. Kf2 b3 40. cxb3 Bxe4 41. fxe4 cxb3 42.
Nc3 Bb4 43. Nb1 Kg7 44. Ke2 Kf6 45. Kd3 Ke5 46. Kc4 Bd6 47. Kd3 b2 48. h3 Bb4
49. g4 Bc5 50. Nd2) 29... Bxf1 {[%emt 0:00:55]} 30. Rxf1 {[%emt 0:00:11]} Re8 {
[%emt 0:01:23]} (30... a5 31. Nxc5 a4 32. Nxe4 Nxa2) (30... Rd8) 31. Nxc5 {
[%emt 0:00:45]} Re5 {[%emt 0:00:34]} 0-1

[Event "54th Ilmar Raud Memorial"]
[Site "Viljandi"]
[Date "2020.07.06"]
[Round "1.3"]
[White "Külaots, Kaido"]
[Black "Bondarenko, Dmitri"]
[Result "1-0"]
[WhiteElo "2524"]
[BlackElo "1944"]
[PlyCount "71"]
[EventDate "2020.??.??"]

1. e4 {[%emt 0:00:08]} c6 {[%emt 0:00:16]} 2. d4 {[%emt 0:00:22]} d5 {[%emt 0:
01:16]} 3. Nc3 {[%emt 0:00:17]} Nf6 {[%emt 0:00:27]} 4. e5 {[%emt 0:00:51]} Ng8
{[%emt 0:00:24]} (4... Nfd7) 5. h3 {[%emt 0:06:35]} (5. Nf3 Bg4) 5... e6 {
[%emt 0:01:44]} (5... Bf5 6. g4 Bg6 7. Nge2 e6 8. Nf4 {[%cal Rh3h4,Rh4h5]}) 6.
Nf3 {[%emt 0:05:05]} b6 {[%emt 0:02:20]} 7. Bd3 {[%emt 0:06:28]} Ba6 {[%emt 0:
01:28]} 8. Ne2 {[%emt 0:00:21]} Qc8 {[%emt 0:06:39]} 9. O-O {[%emt 0:05:06]}
Bxd3 {[%emt 0:01:56]} 10. Qxd3 {[%emt 0:00:06]} Qa6 {[%emt 0:00:13][%csl Rd4,
Re5]} 11. Qd1 {[%emt 0:00:43]} Ne7 {[%emt 0:06:58]} 12. Nf4 {[%emt 0:02:33]
[%cal Rf4h5]} g6 {[%emt 0:06:34]} 13. g4 {[%emt 0:05:47]} c5 {[%emt 0:09:42]}
14. c3 {[%emt 0:08:15]} Nd7 {[%emt 0:03:27]} 15. Ng5 {[%emt 0:03:13]} h6 {
[%emt 0:10:59]} 16. Ngxe6 {[%emt 0:04:54]} fxe6 {[%emt 0:00:35]} 17. Nxe6 {
[%emt 0:00:15]} Rc8 {[%emt 0:00:43]} 18. f4 {[%emt 0:03:16]} Rc6 {[%emt 0:05:
23]} (18... cxd4 19. cxd4 Rg8 20. Kh1 h5 21. f5 (21. gxh5 Nf5) 21... hxg4 22.
f6 Nf5 23. Bf4 (23. f7+ Kxf7 24. hxg4 Rh8+ 25. Kg1 Kxe6 26. gxf5+ gxf5 27. Qf3
Rg8+ 28. Kh1 Ke7 (28... Rh8+) 29. Qxf5 Kd8 30. Bg5+ Kc7 31. Rac1+ Bc5) 23... b5
24. Ng5 {[%cal Rf6f7]} Rh8 25. Qxg4 Rc2 26. Rac1 Rh4 27. Qf3 Nxd4 28. Qd3 Rxf4
29. Qxg6+ Kd8 30. Nf7+ Kc7 31. Rxc2+ Nxc2 32. Rxf4 Ne3 33. Qg3 d4 34. e6 Qxe6
35. Re4+ Bd6 36. Nxd6 Qxd6 37. Qxd6+ Kxd6 38. f7 Nd5 39. Kg2 Nf8 40. Re8 Nf4+
41. Kf1 (41. Kf3 N4e6 {[%cal Re6g5,Rg5f7]} 42. Ra8 a5 43. Rxa5 Ng5+ 44. Ke2
Nxf7 45. Rxb5 Ne5 46. a4) 41... N4e6 42. Ra8) 19. f5 {[%emt 0:05:01]} gxf5 {
[%emt 0:15:09]} 20. gxf5 {[%emt 0:00:59][%cal Rd1h5]} Rg8+ {[%emt 0:00:37]} 21.
Kh2 {[%emt 0:07:58]} Rxe6 {[%emt 0:00:11]} 22. fxe6 {[%emt 0:00:46]} Nb8 {
[%emt 0:00:32]} 23. Rf2 {[%emt 0:03:19][%cal Rc1e3,Rd1h5,Ra1g1,Rf2f8,Rf2a2]}
Nbc6 {[%emt 0:01:37]} 24. Be3 {[%emt 0:03:59]} cxd4 {[%emt 0:11:20]} 25. cxd4 {
[%emt 0:00:16]} Qc8 {[%emt 0:02:46]} 26. Qh5+ {[%emt 0:05:59]} Kd8 {[%emt 0:00:
08]} 27. Rg1 {[%emt 0:00:33]} Rh8 {[%emt 0:05:25]} 28. Qf7 {[%emt 0:01:05]} Kc7
{[%emt 0:00:29]} 29. Qf6 {[%emt 0:00:15]} Rg8 {[%emt 0:03:07]} 30. Rxg8 {
[%emt 0:00:07]} Nxg8 {[%emt 0:00:04]} 31. Qxf8 {[%emt 0:00:09]} Qxe6 {[%emt 0:
00:11]} 32. Qf7+ {[%emt 0:00:22]} Qxf7 {[%emt 0:00:18]} 33. Rxf7+ {[%emt 0:00:
06]} Nce7 {[%emt 0:01:30]} 34. Bxh6 {[%emt 0:00:32]} Kd7 {[%emt 0:00:14]} 35.
Bg5 {[%emt 0:00:13]} Ke6 {[%emt 0:00:09]} 36. Rxe7+ {[%emt 0:00:08]} 1-0

[Event "54th Ilmar Raud Memorial"]
[Site "Viljandi"]
[Date "2020.07.06"]
[Round "1.4"]
[White "Rychagov, Nikita"]
[Black "Laurusas, Tomas"]
[Result "0-1"]
[WhiteElo "1943"]
[BlackElo "2511"]
[PlyCount "90"]
[EventDate "2020.??.??"]

1. e4 {[%emt 0:00:02]} c6 {[%emt 0:01:09]} 2. d4 {[%emt 0:00:05]} d5 {[%emt 0:
00:09]} 3. Nc3 {[%emt 0:00:05]} a6 {[%emt 0:00:55]} 4. Bd3 {[%emt 0:00:10]} b5
{[%emt 0:02:01]} 5. Nf3 {[%emt 0:03:16]} Bg4 {[%emt 0:02:02]} 6. h3 {[%emt 0:
08:06]} Bh5 {[%emt 0:00:08]} 7. a3 {[%emt 0:00:50]} e6 {[%emt 0:00:15]} 8. O-O
{[%emt 0:01:28]} Nf6 {[%emt 0:00:25]} 9. e5 {[%emt 0:02:06]} Nfd7 {[%emt 0:00:
53]} 10. g4 {[%emt 0:09:27]} Bg6 {[%emt 0:00:02]} 11. Ne2 {[%emt 0:00:06]} c5 {
[%emt 0:00:45]} 12. c3 {[%emt 0:00:05]} Nc6 {[%emt 0:00:24]} 13. Be3 {[%emt 0:
05:44]} Be7 {[%emt 0:01:33]} 14. Ng3 {[%emt 0:05:09]} (14. Nf4 Bxd3 15. Nxd3)
14... c4 {[%emt 0:05:24]} 15. Bc2 {[%emt 0:01:33]} a5 {[%emt 0:00:24]} 16. Ne1
{[%emt 0:02:01]} b4 {[%emt 0:03:06]} 17. f4 {[%emt 0:01:30]} Bxc2 {[%emt 0:00:
16]} 18. Qxc2 {[%emt 0:00:15]} bxc3 {[%emt 0:03:36]} 19. bxc3 {[%emt 0:00:22]}
Rb8 {[%emt 0:04:39]} 20. f5 {[%emt 0:04:53]} g6 {[%emt 0:00:16]} 21. Qf2 {
[%emt 0:11:19]} (21. f6 Bf8 22. a4 {[%csl Rh8][%cal Re1f3,Rf1b1,Rb1b5]} (22.
Nf3 Rb3 23. Nd2 (23. a4 Nb4 24. Qd2 Nd3 25. Rfb1 Qb6 26. Rxb3 Qxb3 27. Ne2 Ba3
28. Qa2) 23... a4) 22... h5 (22... Rb3 23. Nf3 (23. Qc1 Qb6 24. Nf3 Rb2 25. Rf2
Ba3 26. Qe1 Rb3 27. Rc2) 23... Qb6 (23... Nb4 24. cxb4 Rxe3) 24. Qc1 h6 25. Kg2
) 23. g5 h4 24. Ne2 Rh5 {[%csl Re3,Rf8][%cal Ye1f3,Ye2f4,Yf4g6,Yf1b1]}) 21...
Nb6 {[%emt 0:00:05]} 22. fxe6 {[%emt 0:03:09]} (22. f6 Bf8 23. a4) 22... fxe6 {
[%emt 0:00:02]} 23. Qf7+ {[%emt 0:00:07]} Kd7 {[%emt 0:00:04]} 24. Bh6 {
[%emt 0:03:26]} Qg8 {[%emt 0:06:27]} 25. Qf3 {[%emt 0:02:49]} Na4 {[%emt 0:00:
16]} 26. Ng2 {[%emt 0:02:42]} Rb3 {[%emt 0:00:14]} 27. Ne2 {[%emt 0:01:18]} g5
{[%emt 0:01:54]} 28. Ne3 {[%emt 0:06:48]} Nxc3 {[%emt 0:02:12]} 29. Nxc4 {
[%emt 0:03:24]} Nxe2+ {[%emt 0:00:15]} 30. Qxe2 {[%emt 0:00:03]} Qg6 {[%emt 0:
01:02]} 31. Rac1 {[%emt 0:03:56]} Qxh6 {[%emt 0:01:07]} 32. Nd2 {[%emt 0:03:21]
} Rg3+ {[%emt 0:00:17]} 33. Kf2 {[%emt 0:00:03]} Qh4 {[%emt 0:00:07]} 34. Qa6 {
[%emt 0:01:24]} Rc3+ {[%emt 0:00:26]} 35. Ke2 {[%emt 0:00:12]} Nxd4+ {[%emt 0:
00:06]} 36. Kd1 {[%emt 0:00:13]} Rxc1+ {[%emt 0:00:08]} 37. Kxc1 {[%emt 0:00:
04]} Rc8+ {[%emt 0:00:10]} 38. Kb1 {[%emt 0:00:05]} Nc6 {[%emt 0:01:31]} 39.
Qd3 {[%emt 0:01:02]} Qh6 {[%emt 0:00:35]} 40. Nc4 {[%emt 0:00:09]} Rb8+ {
[%emt 0:00:10]} 41. Ka2 {[%emt 0:00:26]} Qg6 {[%emt 0:00:07]} 42. Qd2 {[%emt 0:
00:07]} Qe4 {[%emt 0:00:06]} 43. Rc1 {[%emt 0:00:16]} Qd4 {[%emt 0:00:19]} 44.
Qe2 {[%emt 0:00:29]} dxc4 {[%emt 0:00:14]} 45. Rd1 {[%emt 0:00:05]} Rb2+ {
[%emt 0:00:04]} 0-1

[Event "54th Ilmar Raud Memorial"]
[Site "Viljandi"]
[Date "2020.07.06"]
[Round "1.5"]
[White "Volodin, Aleksandr"]
[Black "Sirp, Karl Aleksander"]
[Result "1-0"]
[WhiteElo "2497"]
[BlackElo "1924"]
[PlyCount "49"]
[EventDate "2020.??.??"]

1. d4 {[%emt 0:00:02]} Nf6 {[%emt 0:00:14]} 2. c4 {[%emt 0:00:05]} e6 {[%emt 0:
00:10]} 3. Nf3 {[%emt 0:00:04]} b6 {[%emt 0:00:20]} 4. a3 {[%emt 0:00:26]} Bb7
{[%emt 0:00:45]} (4... Ba6 5. Qc2 (5. Nbd2 Bb7) (5. e3 d5 6. Nbd2 Be7) 5... Bb7
6. Nc3 c5 7. e4 cxd4 8. Nxd4 Bc5) 5. Nc3 {[%emt 0:00:06]} Be7 $2 {[%emt 0:00:
32]} (5... d5 6. cxd5 Nxd5 (6... exd5)) 6. d5 {[%emt 0:00:15][%csl Yb7]} O-O {
[%emt 0:03:27]} 7. e4 {[%emt 0:01:24]} d6 {[%emt 0:01:07]} 8. Be2 {[%emt 0:06:
14]} exd5 {[%emt 0:06:11]} 9. exd5 {[%emt 0:05:03]} Nbd7 {[%emt 0:08:36]} 10.
O-O {[%emt 0:01:40]} Re8 {[%emt 0:06:21]} 11. Nd4 {[%emt 0:01:34]} Bf8 {
[%emt 0:06:41]} 12. Bg5 {[%emt 0:04:22]} h6 {[%emt 0:12:57]} 13. Bh4 {[%emt 0:
04:15]} Ne5 {[%emt 0:01:47]} 14. f4 {[%emt 0:07:27]} Ng6 {[%emt 0:00:49]} 15.
Bg3 {[%emt 0:00:20]} a6 {[%emt 0:10:05]} (15... Ne4 16. Be1 Nxc3 17. Bxc3) 16.
Bd3 {[%emt 0:06:09]} Bc8 {[%emt 0:08:37]} 17. h3 {[%emt 0:09:56]} Bd7 {[%emt 0:
01:29]} 18. Qf3 {[%emt 0:01:14]} Qc8 {[%emt 0:03:53]} 19. Bf2 {[%emt 0:05:10]}
h5 {[%emt 0:08:23]} 20. Qg3 {[%emt 0:06:39]} Ne7 {[%emt 0:02:58]} 21. Qg5 {
[%emt 0:02:31]} c5 {[%emt 0:02:32]} 22. dxc6 {[%emt 0:00:37]} Nxc6 {[%emt 0:00:
11]} 23. Nd5 {[%emt 0:01:39]} Qd8 {[%emt 0:02:54]} (23... Nxd5 24. cxd5 Nxd4
25. Bxd4 Bb5 26. Bxb5 axb5 27. Rac1 Qd8 28. Qxh5) 24. Nxc6 {[%emt 0:00:20]}
Bxc6 {[%emt 0:00:13]} 25. Bxb6 {[%emt 0:00:18]} 1-0

[Event "54th Ilmar Raud Memorial"]
[Site "Viljandi"]
[Date "2020.07.06"]
[Round "1.6"]
[White "Obolonin, Filipp"]
[Black "Miezis, Normunds"]
[Result "0-1"]
[WhiteElo "1922"]
[BlackElo "2489"]
[PlyCount "129"]
[EventDate "2020.??.??"]
[WhiteClock "0:05:16"]
[BlackClock "0:22:41"]

1. d4 {[%emt 0:00:06]} Nf6 {[%emt 0:00:13]} 2. Nf3 {[%emt 0:01:39]} e6 {
[%emt 0:00:13]} 3. g3 {[%emt 0:00:26]} b5 {[%emt 0:00:23]} 4. Bg2 {[%emt 0:01:
17]} Bb7 {[%emt 0:00:23]} 5. Bg5 {[%emt 0:00:55]} c5 {[%emt 0:00:37]} 6. c3 {
[%emt 0:00:20]} Na6 {[%emt 0:00:52]} 7. O-O {[%emt 0:00:12]} Be7 {[%emt 0:00:
27]} 8. Nbd2 {[%emt 0:00:10]} cxd4 {[%emt 0:01:10]} 9. cxd4 {[%emt 0:00:54]}
Qb6 {[%emt 0:00:48]} 10. e3 {[%emt 0:02:42]} O-O {[%emt 0:01:57]} 11. Rc1 {
[%emt 0:05:30]} h6 {[%emt 0:03:22]} 12. Bxf6 {[%emt 0:00:08]} Bxf6 {[%emt 0:00:
08]} 13. Ne1 {[%emt 0:01:13]} Bxg2 {[%emt 0:02:56]} 14. Nxg2 {[%emt 0:00:59]}
Rac8 {[%emt 0:01:26]} 15. Qb3 {[%emt 0:02:46]} Be7 {[%emt 0:00:35]} 16. a3 {
[%emt 0:00:44]} d5 {[%emt 0:00:51]} 17. Rc2 {[%emt 0:00:29]} b4 {[%emt 0:00:51]
} 18. a4 {[%emt 0:00:31]} Rc6 {[%emt 0:03:55]} 19. Rfc1 {[%emt 0:06:33]} Rfc8 {
[%emt 0:01:02]} 20. Qd3 {[%emt 0:00:45]} Nb8 {[%emt 0:00:38]} 21. b3 {[%emt 0:
00:14]} Nd7 {[%emt 0:01:39]} 22. Nf3 {[%emt 0:01:02]} Bd6 {[%emt 0:00:58]} 23.
Nge1 {[%emt 0:02:22]} Nf6 {[%emt 0:01:16]} 24. Nd2 {[%emt 0:00:55]} g6 {
[%emt 0:01:18]} 25. Rxc6 {[%emt 0:15:25]} Rxc6 {[%emt 0:00:51]} 26. Rxc6 {
[%emt 0:00:37]} Qxc6 {[%emt 0:00:09]} 27. Qc2 {[%emt 0:00:15]} Qa6 {[%emt 0:02:
44]} 28. Nd3 {[%emt 0:00:21]} Kg7 {[%emt 0:00:17]} 29. Nc1 {[%emt 0:05:59]} e5
{[%emt 0:02:51]} 30. dxe5 {[%emt 0:03:29]} Bxe5 {[%emt 0:01:02]} 31. Nf3 {
[%emt 0:01:51]} Bc3 {[%emt 0:01:55]} 32. Ne2 {[%emt 0:02:02]} Ne4 {[%emt 0:00:
47]} 33. Nf4 {[%emt 0:01:50]} Nf6 {[%emt 0:14:18]} 34. Nh4 {[%emt 0:06:39]} g5
{[%emt 0:09:17]} 35. Nf5+ {[%emt 0:00:40]} Kf8 {[%emt 0:00:19]} 36. Ne2 {
[%emt 0:02:37]} Ne4 {[%emt 0:01:09]} 37. Ned4 {[%emt 0:00:24]} Nd2 {[%emt 0:01:
09]} 38. Qd1 {[%emt 0:02:43]} Qd3 {[%emt 0:07:53]} 39. h3 {[%emt 0:03:01]} a5 {
[%emt 0:07:27]} 40. g4 {[%emt 0:00:28]} Ke8 {[%emt 0:03:13]} 41. Nf3 {[%emt 0:
01:30]} Qb1 {[%emt 0:07:39]} 42. Qxb1 {[%emt 0:00:34]} Nxb1 {[%emt 0:00:03]}
43. Nxh6 {[%emt 0:00:45]} Bf6 {[%emt 0:00:26]} 44. Nf5 {[%emt 0:00:13]} Kd7 {
[%emt 0:00:07]} 45. Kf1 {[%emt 0:00:33]} Nc3 {[%emt 0:00:08]} 46. Ne1 {[%emt 0:
01:44]} Ne4 {[%emt 0:00:25]} 47. Nd3 {[%emt 0:05:36]} Nd2+ {[%emt 0:00:41]} 48.
Ke2 {[%emt 0:00:10]} Nxb3 {[%emt 0:00:08]} 49. Kd1 {[%emt 0:00:22]} Kc6 {
[%emt 0:03:00]} 50. Kc2 {[%emt 0:01:08]} Na1+ {[%emt 0:01:05]} 51. Kb1 {
[%emt 0:08:44]} Nb3 {[%emt 0:00:22]} 52. Kc2 {[%emt 0:00:59]} Nc5 {[%emt 0:00:
10]} 53. Nxc5 {[%emt 0:01:24]} Kxc5 {[%emt 0:00:07]} 54. Kb3 {[%emt 0:00:08]}
d4 {[%emt 0:02:21]} 55. exd4+ {[%emt 0:02:56]} Bxd4 {[%emt 0:00:10]} 56. f3 {
[%emt 0:01:08]} Bf2 {[%emt 0:00:48]} 57. Nh6 {[%emt 0:00:06]} f6 {[%emt 0:00:
30]} 58. Ng8 {[%emt 0:00:20]} Bd4 {[%emt 0:00:30]} 59. Ne7 {[%emt 0:00:47]} Kd6
{[%emt 0:07:30]} 60. Ng6 {[%emt 0:00:17]} Bf2 {[%emt 0:00:33]} 61. f4 {[%emt 0:
01:15]} Kd5 {[%emt 0:00:30]} 62. fxg5 {[%emt 0:01:38]} fxg5 {[%emt 0:00:08]}
63. Ne7+ {[%emt 0:04:50]} Ke4 {[%emt 0:00:18]} 64. Nc6 {[%emt 0:07:17]} Bb6 {
[%emt 0:00:26]} 65. Kc4 {[%emt 0:00:01] Ke5 Kd4+} 0-1

[Event "54th Ilmar Raud Memorial"]
[Site "Viljandi"]
[Date "2020.07.07"]
[Round "2.1"]
[White "Keso, Elias"]
[Black "Meshkovs, Nikita"]
[Result "0-1"]
[WhiteElo "2300"]
[BlackElo "2582"]
[PlyCount "102"]
[EventDate "2020.??.??"]

1. e4 {[%emt 0:00:05]} c5 {[%emt 0:00:27]} 2. Nf3 {[%emt 0:00:41]} Nc6 {
[%emt 0:00:19]} 3. d4 {[%emt 0:00:13]} cxd4 {[%emt 0:00:10]} 4. Nxd4 {[%emt 0:
00:14]} e6 {[%emt 0:00:56]} 5. Nc3 {[%emt 0:00:27]} a6 {[%emt 0:00:12]} 6. Be3
{[%emt 0:01:29]} Qc7 {[%emt 0:03:36]} 7. a3 {[%emt 0:00:24]} b5 {[%emt 0:01:23]
} 8. Nxc6 {[%emt 0:00:26]} dxc6 {[%emt 0:01:32]} 9. Qg4 {[%emt 0:00:36]} Nf6 {
[%emt 0:02:01]} 10. Qg3 {[%emt 0:00:41]} Qxg3 {[%emt 0:01:06]} 11. hxg3 {
[%emt 0:00:17]} Ng4 {[%emt 0:00:19]} (11... e5 12. f3 Be6 13. a4 Rc8 14. axb5
axb5 15. g4 Nd7 16. g5 Be7 17. Be2 O-O 18. Kf2 Ra8 19. Rhd1 Nc5 20. Nd5 cxd5
21. Rxa8 Rxa8 22. exd5 Bf5 23. d6 Bxc2 24. Rd2 Bxd6 25. Rxd6 Ne6 26. Bxb5 Rb8
27. Bc4 Bb3 28. Be2 Kf8 29. g3 Ke7 30. Rd2 Rd8 31. Rxd8 Kxd8 32. Bd3 g6 33. Ke2
Ke7 34. Kd2 f6 35. Kc3 Bd5 36. f4 exf4 37. gxf4 fxg5 38. fxg5 Kd6 39. b4 Kc6
40. b5+ Kd6 41. Kb4 Kc7 42. Bf1 Kb7 43. Ka5 Nd8 44. b6 Ne6 45. Ba6+ Ka8 46. Bc8
Kb8 47. b7 Nc7 48. Kb6 Ne6 49. Bg1 {1-0 (49) Grischuk,A (2772)-Harikrishna,P 
(2744) Huaian 2017}) 12. Bg5 {[%emt 0:08:07]} (12. Bd2 Bc5 13. f3 Ne3 14. Bd3
Nxg2+ 15. Ke2) 12... Bc5 {[%emt 0:03:32]} 13. f3 {[%emt 0:11:04]} Ne3 {[%emt 0:
02:16]} 14. Kd2 {[%emt 0:01:14]} (14. Bd3 f6 15. Bf4 e5 16. Bxe3 Bxe3) 14...
Nxf1+ {[%emt 0:00:23]} 15. Rhxf1 {[%emt 0:00:35]} e5 {[%emt 0:08:19]} 16. Be3 {
[%emt 0:00:51]} Be7 {[%emt 0:00:44]} 17. Na2 {[%emt 0:09:19]} c5 {[%emt 0:05:
40]} (17... a5 18. Nc1 {[%csl Rc5][%cal Rc1d3]}) 18. Nc3 {[%emt 0:02:05]} Be6 {
[%emt 0:01:32]} 19. Rad1 {[%emt 0:03:00]} (19. Rfd1 O-O-O+ 20. Ke2) 19...
O-O-O+ {[%emt 0:01:27]} 20. Kc1 {[%emt 0:02:42]} Bc4 {[%emt 0:02:29]} (20...
Kc7 21. Nd5+ Bxd5 22. exd5 h5 (22... c4 23. g4 h5) 23. b3 c4) 21. Nd5 {[%emt 0:
06:26]} Rxd5 {[%emt 0:02:06]} 22. exd5 {[%emt 0:00:18]} Bxf1 {[%emt 0:00:09]}
23. Rxf1 {[%emt 0:00:04]} c4 {[%emt 0:00:54]} 24. Bb6 {[%emt 0:06:55]} Kd7 {
[%emt 0:05:57]} 25. Rd1 {[%emt 0:00:47]} h5 {[%emt 0:01:26]} (25... Bg5+ 26.
Kb1 f5 27. d6 Re8 28. Bc5 Re6 (28... e4) 29. Re1 (29. b3 c3 30. Rd3 Bd2 31. Bb4
e4) 29... e4 30. fxe4 Rxe4) 26. Kd2 {[%emt 0:02:56]} f5 {[%emt 0:06:16]} 27.
Kc3 {[%emt 0:01:39]} (27. Ke2) 27... Rh6 {[%emt 0:00:56]} (27... Rb8 28. Be3
Rc8) 28. Bf2 {[%emt 0:02:27]} Rg6 {[%emt 0:05:03]} 29. a4 {[%emt 0:01:46]} h4 {
[%emt 0:03:29]} 30. axb5 {[%emt 0:00:52]} (30. gxh4 Rxg2 31. Rf1 Kd6 32. axb5
axb5 33. Kb4 Kxd5+ 34. Kxb5 Rh2 35. h5 Rxh5 36. Rd1+ Ke6 37. Kxc4 Rh3) 30...
axb5 {[%emt 0:00:02]} 31. Ra1 {[%emt 0:01:08]} hxg3 {[%emt 0:00:31]} 32. Bg1 {
[%emt 0:03:35]} Rh6 {[%emt 0:10:59]} 33. Ra7+ {[%emt 0:01:28]} Ke8 {[%emt 0:03:
07]} (33... Kd6 34. Kb4 Bf6 35. Kxb5 Kxd5 36. Rd7+ Ke6 37. Rd2 Rh4 {[%cal
Rg7g5]}) 34. Ra8+ {[%emt 0:02:08]} Kf7 {[%emt 0:00:19]} 35. Ra7 {[%emt 0:00:50]
} Kf6 {[%emt 0:00:27]} 36. f4 $1 {[%emt 0:07:06]} Bd6 {[%emt 0:13:00]} 37. Rd7
{[%emt 0:00:45]} Bf8 {[%emt 0:07:13]} (37... Bb8 38. Rb7) 38. Rd8 {[%emt 0:08:
46]} Be7 {[%emt 0:03:40]} (38... Ke7 39. Rb8) (38... Rh8 39. d6) 39. fxe5+ {
[%emt 0:01:28]} (39. Rd7 Bf8 40. Rd8 Be7 (40... Ke7 41. Rb8) 41. Rd7 $11) 39...
Kxe5 {[%emt 0:00:46]} 40. Bd4+ {[%emt 0:00:31]} Kf4 {[%emt 0:00:51]} (40... Ke4
41. Re8 Kxd5 42. Rxe7 b4+ 43. Kxb4 Kxd4 44. Rxg7 f4 45. Rd7+ Ke3 46. Kxc4 Rh2
47. Rd3+ Ke4 48. Rd2 Kf5 (48... f3 49. gxf3+ Kxf3 50. Rd3+ Kg4 51. Rd4+ Kh3 52.
b4 Rxc2+ 53. Kb5 g2 54. Rd1 Rf2 55. Rg1 Kh2 56. Rxg2+ Kxg2 57. Kc6 Kf3 58. b5
Rc2+ 59. Kd6 Ke4 60. b6 Rb2 61. Kc7 Kd5 62. b7) 49. c3 (49. b4 f3 50. Rd5+ Ke6
51. gxf3 Rxc2+) 49... f3 50. Rd5+ Kf6 (50... Ke6 51. gxf3 Rh4+ 52. Kc5 g2 53.
Rg5 Rh5 54. Rxh5 g1=Q+ 55. Kb4) 51. Rd6+ (51. gxf3 g2 52. Rd6+ Kf5 53. Rd5+ Kf4
54. Rd4+ Ke3 55. Rd3+ Ke2) 51... Ke7) 41. Re8 {[%emt 0:01:54]} Bf6 {[%emt 0:05:
51]} 42. Bxf6 {[%emt 0:05:51]} Rxf6 {[%emt 0:00:02]} 43. Kd4 {[%emt 0:00:39]}
Kg4 {[%emt 0:03:18]} 44. Rg8 {[%emt 0:04:12]} (44. Re7 g5 $4 (44... g6 $3 45.
Ke5 Rf8 46. d6 f4 47. d7 f3 48. gxf3+ Kxf3 49. Rf7+ (49. Re8 Rf5+ 50. Kd6 g2
51. d8=Q g1=Q 52. Qa8+ Kg3) 49... Rxf7 50. d8=Q Rf5+ 51. Ke6 g2 52. Qd4 Kg3 53.
b3 Rf1 54. Qe5+ Kf3 55. Qd5+ Kf2 56. Qd2+ Kg3 57. Qg5+) (44... f4 45. Rxg7+ Kf5
46. Kc5 (46. Rg8 f3 47. gxf3 Rg6 48. Rxg6 Kxg6 49. Ke3) (46. b4 cxb3 47. cxb3
f3 (47... Rf8 48. d6 Ke6 49. d7 Kf6 50. Rg4 Kf5 51. Rg7 Kf6 52. Rg4 $11) 48.
gxf3 Kf4 49. Kc5 Kxf3 50. d6 g2 51. d7 Rf8 52. Kxb5 Kf2 53. Kc6 g1=Q 54. Rxg1
Kxg1 55. Kc7) 46... f3 47. gxf3 Rg6 48. Rf7+) 45. Ke5 Rf8 46. d6 f4 47. d7 Rd8
(47... f3 48. gxf3+ Kh3 (48... Kxf3 49. Re8) 49. Re8 g2 50. Rxf8 g1=Q 51. d8=Q)
48. Kd6) 44... Rf7 {[%emt 0:01:59]} 45. Ke5 {[%emt 0:01:23]} (45. Re8 f4 46.
Re4) (45. d6 f4 46. Ke4 f3 47. gxf3+ Kh3 48. Rh8+ Kg2 49. Ke5 Kxf3 50. Ke6 Rf6+
51. Ke7 g2 52. Rh3+ Kf4 53. Rh4+ Kf5 54. Rh5+ Kg6) 45... Re7+ {[%emt 0:00:27]}
46. Kd6 {[%emt 0:08:07]} Re2 {[%emt 0:00:11]} 47. Rxg7+ {[%emt 0:00:13]} Kf4
48. Re7 {[%emt 0:03:32]} Rxg2 {[%emt 0:00:23]} 49. Re5 {[%emt 0:00:11]} Kg4 {
[%emt 0:02:16]} 50. Ke6 {[%emt 0:00:09]} Rd2 {[%emt 0:00:44]} 51. Rxf5 {
[%emt 0:00:14]} Re2+ {[%emt 0:00:17]} 0-1